000 01236nam a2200241Ii 4500
003 JO-AjNU
005 20240625091709.0
008 230605s9999||||xx |||||||||||||| ||und||
040 _aJO-AjNU
_bara
_erda
_cJO-AjNU
041 _aara
050 1 4 _aHF5415 2021
100 1 _aاللهيبي، خلف حمد ثلج
_eمعد
_965567
245 0 0 _aاثر المزيج التسويقي الخدماتي على رأس المال الزبائني في شركات الاتصالات العراقية (دراسة ميدانية) = The impact of Service Marketing Mix on Customers Capital in Iraqi Telecommunications Companies (Afield Study)) /
_cاعداد خلف حمد ثلج اللهيبي؛ اشراف هشام علي شطناوي
264 3 1 _a2021
300 _a133 ورقة
336 _atext
_btxt
_2rdacontent
337 _aunmediated
_bn
_2rdamedia
338 _avolume
_bnc
_2rdacarrier
500 _aرسالة جامعية(اطروحة ماجستير) جامعة عجلون الوطنية: كلية ادارة الاعمال،تخصص ادارة الاعمال، 2021
650 4 _aادارة التسويق-الاتصالات-العراق
_961217
700 1 _aشطناوي، هشام علي
_eمشرف
_964974
942 _2lcc
_cTHS
999 _c31223
_d31223